| 000 | 00745nam a2200253 a 4500 | ||
|---|---|---|---|
| 001 | 428 | ||
| 003 | BR-CuiBMT | ||
| 005 | 20231122130647.0 | ||
| 008 | 231106b2007 rsba 000 0 por d | ||
| 020 | _a9788573484694 | ||
| 040 |
_aBR-CuiBMT _cBR-CuiBMT |
||
| 080 |
_22007 _a349.6 |
||
| 090 |
_a349.6 _bM722d |
||
| 100 | 1 | _aMolinaro, Carlos Alberto | |
| 245 | 1 | 0 |
_aDireito ambiental : _bproibição e retrocesso / _cCalos Alberto Molinaro. |
| 260 |
_aPorto Alegre : _bLivraria do Advogado, _c2007. |
||
| 300 |
_a133 p. : _bil. ; _c23 cm |
||
| 504 | _aInclui bibliografia. | ||
| 650 |
_aMeio ambiente _zBrasil |
||
| 650 |
_aDireito ambiental _zBrasil |
||
| 650 | _aProteção ambiental | ||
| 650 | _aConservação da natureza | ||
| 942 |
_2udc _cLV |
||
| 999 |
_c428 _d428 |
||